[Event "AUS-ch Major"]
[Site "Sydney"]
[Date "2020.01.11"]
[Round "9"]
[White "Parsonage, Ian"]
[Black "Deng, Jimmy"]
[Result "1/2-1/2"]
[WhiteElo "1975"]
[BlackElo "1915"]
[PlyCount "172"]
[EventDate "2020.01.02"]
[EventType "swiss"]
[EventRounds "11"]
[EventCountry "AUS"]
[SourceTitle "CBM 195 Extra"]
[Source "ChessBase"]
[SourceDate "2020.05.31"]
[SourceVersion "1"]
[SourceVersionDate "2020.05.31"]
[SourceQuality "1"]

1. e4 e5 2. Nf3 Nc6 3. Bc4 Nf6 4. d3 Be7 5. 0-0 d6 6. a4 Na5 7. Ba2 c5 8. Nc3 Bg4 9. h3 Bh5 10. Nd5 Nc6 11. c3 0-0 12. Bd2 a5 13. Qe2 Re8 14. Qe3 Bf8 15. Nh2 Nxd5 16. Bxd5 Qd7 17. Rae1 Ne7 18. Bc4 d5 19. exd5 Nxd5 20. Qg5 Bg6 21. Bb5 Qf5 22. Bxe8 Rxe8 23. Qxf5 Bxf5 24. f4 Bxd3 25. Rf3 c4 26. Rxd3 cxd3 27. Rxe5 Rxe5 28. fxe5 Bc5+ 29. Kf1 Kf8 30. Ng4 Nb6 31. b3 Nd7 32. Ke1 h5 33. Ne3 Nxe5 34. Nd5 Ba3 35. c4 Nc6 36. Nf4 Nd4 37. Nxd3 Nxb3 38. Bc3 b6 39. Kd1 g6 40. Kc2 Nc5 41. Nxc5 Bxc5 42. g4 hxg4 43. hxg4 f5 44. gxf5 gxf5 45. Kd3 Ke7 46. Ke2 Ke6 47. Kf3 Bd6 48. Bd4 Bc5 49. Bc3 Bg1 50. Bb2 Kd6 51. Ba3+ Ke5 52. Bb2+ Bd4 53. Bc1 Bc3 54. Be3 Bd4 55. Bc1 Ke6 56. Ba3 Bc5 57. Bc1 Bd6 58. Be3 Bc7 59. Bc1 Kd7 60. Bb2 Kc6 61. Bd4 Kd6 62. Kf4 Ke6+ 63. Kf3 Kf7 64. Be3 Kf6 65. Bd4+ Kg5 66. Be3+ f4 67. Bd2 Kf5 68. Bc3 Ke6 69. Ke4 Kd6 70. Bd4 Kc6 71. Kf3 Bd6 72. Ke4 Bc5 73. Bb2 Be3 74. Ba3 Bd2 75. Kd3 Bb4 76. Bb2 f3 77. Ke3 Kc5 78. Bd4+ Kxc4 79. Bxb6 f2 80. Kxf2 Bc5+ 81. Bxc5 Kxc5 82. Ke2 Kb4 83. Kd2 Kxa4 84. Kc2 Kb4 85. Kb1 a4 86. Ka2 a3 1/2-1/2

[Event "AUS-ch Major"]
[Site "Sydney"]
[Date "2020.01.10"]
[Round "8"]
[White "Russell, Paul"]
[Black "Parsonage, Ian"]
[Result "0-1"]
[WhiteElo "1867"]
[BlackElo "1975"]
[PlyCount "68"]
[EventDate "2020.01.02"]
[EventType "swiss"]
[EventRounds "11"]
[EventCountry "AUS"]
[SourceTitle "EXT 2021"]
[Source "ChessBase"]
[SourceDate "2020.10.23"]
[SourceVersion "1"]
[SourceVersionDate "2020.10.23"]
[SourceQuality "1"]

1. e4 c6 2. c4 d5 3. cxd5 cxd5 4. exd5 Nf6 5. d4 Nxd5 6. Nc3 e6 7. Nf3 Be7 8. Bb5+ Bd7 9. Qb3 Nxc3 10. bxc3 Nc6 11. 0-0 0-0 12. Bf4 Rc8 13. Rfd1 Na5 14. Qa4 Rc4 15. Bxd7 Rxa4 16. Bxa4 Qd5 17. Ne5 b5 18. Bc2 Rc8 19. h3 f6 20. Ng4 Rxc3 21. Rac1 b4 22. Bd2 Rc6 23. Ne3 Qxd4 24. Bb3 Qb6 25. Nf5 Bf8 26. Be3 Nxb3 27. axb3 Rxc1 28. Rxc1 Qd8 29. Nd4 Qd7 30. Nc6 Qd5 31. Bxa7 Qxb3 32. Nd4 Qa3 33. Rc7 Qa1+ 34. Kh2 Bd6+ 0-1

[Event "AUS-ch Major"]
[Site "Sydney"]
[Date "2020.01.07"]
[Round "6"]
[White "Tsai, Charles"]
[Black "Parsonage, Ian"]
[Result "0-1"]
[WhiteElo "1967"]
[BlackElo "1975"]
[PlyCount "64"]
[EventDate "2020.01.02"]
[EventType "swiss"]
[EventRounds "11"]
[EventCountry "AUS"]
[SourceTitle "CBM 195 Extra"]
[Source "ChessBase"]
[SourceDate "2020.05.31"]
[SourceVersion "1"]
[SourceVersionDate "2020.05.31"]
[SourceQuality "1"]

1. c4 Nf6 2. Nc3 c5 3. g3 d5 4. cxd5 Nxd5 5. Bg2 Nxc3 6. bxc3 e5 7. d3 Be7 8. e3 0-0 9. Ne2 Nc6 10. 0-0 Qc7 11. d4 cxd4 12. cxd4 Bg4 13. f3 Bh5 14. d5 Nb4 15. e4 Qb6+ 16. Kh1 Rac8 17. Rb1 Qa6 18. Bd2 Nd3 19. Be3 Bc5 20. Bxc5 Nxc5 21. Bh3 Rcd8 22. Nc3 Qc4 23. Qd2 b6 24. Nd1 Bxf3+ 25. Rxf3 Qxe4 26. Bg2 Qxb1 27. Rf1 Qd3 28. Qe1 e4 29. Ne3 a5 30. Nf5 Rd7 31. d6 g6 32. Qc1 f6 0-1

[Event "AUS-ch Major"]
[Site "Cammeray"]
[Date "2018.01.10"]
[Round "9"]
[White "Gong, Noah"]
[Black "Parsonage, Ian"]
[Result "1-0"]
[WhiteElo "1183"]
[BlackElo "2027"]
[PlyCount "71"]
[EventDate "2018.01.02"]
[EventType "swiss"]
[EventRounds "11"]
[EventCountry "AUS"]
[SourceTitle "CBM 182 Extra"]
[Source "ChessBase"]
[SourceDate "2018.02.23"]
[SourceVersion "1"]
[SourceVersionDate "2018.02.23"]
[SourceQuality "1"]

1. d4 Nf6 2. c4 e6 3. g3 c5 4. d5 exd5 5. cxd5 b5 6. Bg2 d6 7. e4 Bb7 8. Ne2 g6 9. b3 Bg7 10. Bb2 0-0 11. 0-0 Re8 12. Qc2 Nbd7 13. Re1 Rc8 14. a4 a6 15. axb5 axb5 16. Nd2 Qb6 17. h3 Re7 18. Bc3 b4 19. Nc4 Qc7 20. Bb2 Ree8 21. f4 Ra8 22. Rad1 Ba6 23. e5 Bxc4 24. bxc4 dxe5 25. d6 Qb8 26. Bxa8 Qxa8 27. fxe5 Ne4 28. Rd5 f5 29. Ra1 Qd8 30. Ra7 Bh6 31. Bc1 Bxc1 32. Qxc1 Nxe5 33. Qf4 Nf7 34. d7 Re6 35. Qc7 Qg5 36. d8Q+ 1-0

[Event "AUS-ch Major"]
[Site "Cammeray"]
[Date "2018.01.02"]
[Round "1"]
[White "Parsonage, Ian"]
[Black "Archer, Saffron"]
[Result "1-0"]
[WhiteElo "2027"]
[BlackElo "1494"]
[PlyCount "47"]
[EventDate "2018.01.02"]
[EventType "swiss"]
[EventRounds "11"]
[EventCountry "AUS"]
[SourceTitle "CBM 182 Extra"]
[Source "ChessBase"]
[SourceDate "2018.02.23"]
[SourceVersion "1"]
[SourceVersionDate "2018.02.23"]
[SourceQuality "1"]

1. e4 e6 2. d4 d5 3. Nd2 Nc6 4. Ngf3 Nf6 5. e5 Nd7 6. c3 f6 7. exf6 Qxf6 8. Be2 Bd6 9. Nf1 0-0 10. Ng3 Ne7 11. Bg5 Qf7 12. 0-0 Ng6 13. Bd3 h6 14. Qc2 Ne7 15. Bxe7 Qxe7 16. Rae1 Qf6 17. Re3 c5 18. Rfe1 Nb8 19. Ne5 Nc6 20. Bh7+ Kh8 21. Ng6+ Kxh7 22. Nxf8+ Kg8 23. Rf3 Bf4 24. Ng6 1-0

[Event "New South Wales op"]
[Site "Sydney"]
[Date "2016.06.13"]
[Round "7"]
[White "Parsonage, Ian"]
[Black "Bjelobrk, Igor"]
[Result "0-1"]
[WhiteElo "2019"]
[BlackElo "2389"]
[PlyCount "156"]
[EventDate "2016.06.11"]
[EventType "swiss"]
[EventRounds "7"]
[EventCountry "AUS"]
[SourceTitle "CBM 172 Extra"]
[Source "ChessBase"]
[SourceDate "2016.06.21"]
[SourceVersion "1"]
[SourceVersionDate "2016.06.21"]
[SourceQuality "1"]

1. e4 c5 2. Nf3 e6 3. c3 Nf6 4. e5 Nd5 5. d4 cxd4 6. cxd4 d6 7. Be2 Be7 8. 0-0 0-0 9. Bd2 b6 10. Nc3 Bb7 11. Rc1 Nd7 12. Re1 dxe5 13. Nxe5 N7f6 14. Bf3 h6 15. a3 Bd6 16. Ne4 Nxe4 17. Bxe4 Rc8 18. Rxc8 Bxc8 19. Qf3 Bb7 20. Qh3 Bxe5 21. dxe5 Nf4 22. Bxf4 Bxe4 23. Qg4 Bf5 24. Qf3 Qd4 25. b4 Rd8 26. h3 Qb2 27. Bc1 Qc2 28. Be3 Qc3 29. Rd1 Rxd1+ 30. Qxd1 Qxa3 31. Qd8+ Kh7 32. Qc7 Bg6 33. Kh2 Qxb4 34. Qxa7 b5 35. Qc5 Qb1 36. Bd2 Be4 37. f3 Bd5 38. Qc3 Bc4 39. Qb4 Qg6 40. Qc5 Qc2 41. Qe3 Bd3 42. Qf4 Kg8 43. Qb4 Bc4 44. Qd6 Qb2 45. Kg3 Bd5 46. Bb4 Kh7 47. Ba3 Qd4 48. Bc5 Qa1 49. Bb4 Qc1 50. h4 Qa1 51. Qc7 Qb1 52. Qc3 Bc4 53. Qe1 Qg6+ 54. Kh2 Qf5 55. Qe3 Bd5 56. Bd2 Kg8 57. Bc3 Qh5 58. Kg3 Bc4 59. Qf4 Qg6+ 60. Kh2 Bf1 61. Qd2 Bc4 62. Qf4 Qd3 63. Qd2 Qb1 64. Qe1 Qf5 65. Qe3 Kh7 66. Kg1 Bd5 67. Kh2 Kg8 68. Kg1 Qh5 69. Qf4 Qg6 70. Qe3 b4 71. Bxb4 Bxf3 72. Qxf3 Qb1+ 73. Kh2 Qxb4 74. Kh3 Qd4 75. Qa8+ Kh7 76. Qb8 Qd3+ 77. Kh2 Qe4 78. Kh3 h5 0-1

[Event "New South Wales op"]
[Site "Sydney"]
[Date "2016.06.13"]
[Round "6"]
[White "Parsonage, Ian"]
[Black "Raykhman, Oleg"]
[Result "1/2-1/2"]
[WhiteElo "2019"]
[BlackElo "1998"]
[PlyCount "51"]
[EventDate "2016.06.11"]
[EventType "swiss"]
[EventRounds "7"]
[EventCountry "AUS"]
[SourceTitle "CBM 172 Extra"]
[Source "ChessBase"]
[SourceDate "2016.06.21"]
[SourceVersion "1"]
[SourceVersionDate "2016.06.21"]
[SourceQuality "1"]

1. e4 c5 2. Nc3 Nc6 3. g3 g6 4. Bg2 Bg7 5. Nge2 d6 6. 0-0 Nf6 7. d3 0-0 8. h3 Bd7 9. Be3 Rc8 10. Qd2 a6 11. Bh6 Qc7 12. Bxg7 Kxg7 13. f4 Nd4 14. Nd1 Nxe2+ 15. Qxe2 Bc6 16. Ne3 e6 17. Ng4 Nxg4 18. hxg4 f5 19. gxf5 exf5 20. Qd2 Rce8 21. Rae1 Kg8 22. Qc3 Qf7 23. exf5 Bxg2 24. Kxg2 Qd5+ 25. Kf2 Qxf5 26. Qb3+ 1/2-1/2

[Event "Oceania zt"]
[Site "Cammeray"]
[Date "2015.07.07"]
[Round "5"]
[White "Milligan, Helen"]
[Black "Parsonage, Ian"]
[Result "1/2-1/2"]
[WhiteElo "1978"]
[BlackElo "2121"]
[PlyCount "48"]
[EventDate "2015.07.04"]
[EventType "swiss"]
[EventRounds "9"]
[EventCountry "AUS"]
[SourceTitle "CBM 167 Extra"]
[Source "ChessBase"]
[SourceDate "2015.09.14"]
[SourceVersion "1"]
[SourceVersionDate "2015.09.14"]
[SourceQuality "1"]

1. e4 c6 2. d4 d5 3. Nc3 dxe4 4. Nxe4 Nf6 5. Nxf6+ gxf6 6. Nf3 Bg7 7. Be3 Qb6 8. b3 Bg4 9. Be2 Nd7 10. Qd2 Qc7 11. Rd1 e6 12. h3 Bh5 13. a4 0-0 14. 0-0 Rad8 15. Nh4 Bxe2 16. Qxe2 f5 17. Bg5 Rc8 18. Qe3 Rfe8 19. Bh6 Nf8 20. Bxg7 Kxg7 21. Qg5+ Ng6 22. Nf3 Qf4 23. Qxf4 Nxf4 24. Rfe1 Red8 1/2-1/2

[Event "Oceania zt"]
[Site "Cammeray"]
[Date "2015.07.04"]
[Round "1"]
[White "Wan, Dennis"]
[Black "Parsonage, Ian"]
[Result "1/2-1/2"]
[WhiteElo "1799"]
[BlackElo "2121"]
[PlyCount "81"]
[EventDate "2015.07.04"]
[EventType "swiss"]
[EventRounds "9"]
[EventCountry "AUS"]
[SourceTitle "CBM 167 Extra"]
[Source "ChessBase"]
[SourceDate "2015.09.14"]
[SourceVersion "1"]
[SourceVersionDate "2015.09.14"]
[SourceQuality "1"]

1. d4 Nf6 2. c4 e6 3. Nf3 b6 4. g3 Bb7 5. Bg2 Bb4+ 6. Nbd2 0-0 7. a3 Be7 8. 0-0 c5 9. b3 cxd4 10. Bb2 Na6 11. b4 Re8 12. Bxd4 d6 13. Qb3 Rc8 14. Rac1 Rc7 15. Qb1 h6 16. Rfd1 Qd7 17. Bb2 e5 18. Nh4 Bxg2 19. Kxg2 Bd8 20. e4 g6 21. Nf1 Nh7 22. Nf3 Ng5 23. Nxg5 Bxg5 24. Rc3 Re6 25. h4 Bf6 26. Ne3 Qc8 27. Rcd3 Rd7 28. Qc2 Nb8 29. Ng4 h5 30. Nxf6+ Rxf6 31. f4 Re6 32. Qc3 Nc6 33. fxe5 Nxe5 34. c5 bxc5 35. bxc5 Qc6 36. Re1 f6 37. cxd6 Qxc3 38. Rxc3 Rexd6 39. Rc8+ Kg7 40. Bxe5 fxe5 41. Rec1 1/2-1/2

[Event "BCF-ch Seniors"]
[Site "Aberystwyth"]
[Date "2014.07.30"]
[Round "5"]
[White "Parsonage, Ian"]
[Black "Waterfield, John"]
[Result "0-1"]
[WhiteElo "2215"]
[BlackElo "1975"]
[PlyCount "108"]
[EventDate "2014.07.26"]
[EventType "swiss"]
[EventRounds "7"]
[EventCountry "WLS"]
[SourceTitle "EXT 2017"]
[Source "ChessBase"]
[SourceDate "2016.10.25"]
[SourceVersion "1"]
[SourceVersionDate "2016.10.25"]
[SourceQuality "1"]

1. e4 c5 2. g3 d5 3. exd5 Qxd5 4. Nf3 Bg4 5. Bg2 Qe6+ 6. Kf1 Nc6 7. h3 Bh5 8. d3 Qd6 9. Na3 Nf6 10. Nc4 Qc7 11. Qe1 Bxf3 12. Bxf3 Nd4 13. Qd1 e5 14. c3 Nxf3 15. Qxf3 Be7 16. Kg2 0-0 17. Re1 Nd7 18. Ne3 Nb6 19. Nf5 Bf6 20. Nh6+ Kh8 21. Ng4 Nd7 22. Nxf6 Nxf6 23. Bg5 Nd7 24. d4 f6 25. Be3 Rad8 26. dxc5 Rfe8 27. Rad1 e4 28. Qf4 Qxf4 29. gxf4 b6 30. cxb6 axb6 31. Rd6 Nc5 32. Bxc5 bxc5 33. Red1 Rxd6 34. Rxd6 h6 35. Kf1 Rf8 36. a3 Rb8 37. Rd2 Rb7 38. Ke2 Kh7 39. f3 exf3+ 40. Kxf3 f5 41. Ke3 g5 42. fxg5 hxg5 43. Kd3 Rb8 44. Kc4 Kh6 45. Kxc5 Kh5 46. b4 Rc8+ 47. Kd4 Rd8+ 48. Ke3 f4+ 49. Ke2 f3+ 50. Ke3 Rxd2 51. Kxd2 Kh4 52. Ke1 Kxh3 53. Kf1 Kh2 54. b5 g4 0-1

[Event "BCF-ch Seniors"]
[Site "Aberystwyth"]
[Date "2014.07.29"]
[Round "4"]
[White "Hewson, Brian Wr"]
[Black "Parsonage, Ian"]
[Result "1/2-1/2"]
[WhiteElo "2027"]
[BlackElo "2215"]
[PlyCount "75"]
[EventDate "2014.07.26"]
[EventType "swiss"]
[EventRounds "7"]
[EventCountry "WLS"]
[SourceTitle "EXT 2017"]
[Source "ChessBase"]
[SourceDate "2016.10.25"]
[SourceVersion "1"]
[SourceVersionDate "2016.10.25"]
[SourceQuality "1"]

1. d4 Nf6 2. Nf3 e6 3. Bg5 h6 4. Bh4 d6 5. h3 Nbd7 6. Nbd2 c5 7. e3 b6 8. Bb5 Bb7 9. dxc5 bxc5 10. 0-0 Be7 11. Nc4 d5 12. Nce5 0-0 13. c4 Nxe5 14. Nxe5 Ne4 15. Nc6 Bxc6 16. Bxe7 Qxe7 17. Bxc6 Rab8 18. Qc2 Rfd8 19. Rad1 Nf6 20. cxd5 exd5 21. Rc1 c4 22. Rfd1 Qe5 23. Rd4 Rdc8 24. Ba4 Rc7 25. Qe2 Rbc8 26. Bc2 Rb7 27. Rcd1 g6 28. b3 c3 29. Qf3 Kg7 30. Qf4 Qe7 31. Ra4 Rb6 32. Qd4 Rbc6 33. Ra5 Kh7 34. h4 h5 35. g3 Rc5 36. Rxc5 Rxc5 37. Qb4 Qc7 38. Kg2 1/2-1/2

[Event "BCF-ch Seniors"]
[Site "Aberystwyth"]
[Date "2014.07.26"]
[Round "1"]
[White "Parsonage, Ian"]
[Black "Marks, Ian Alexander"]
[Result "1-0"]
[WhiteElo "2215"]
[BlackElo "1978"]
[PlyCount "61"]
[EventDate "2014.07.26"]
[EventType "swiss"]
[EventRounds "7"]
[EventCountry "WLS"]
[SourceTitle "EXT 2017"]
[Source "ChessBase"]
[SourceDate "2016.10.25"]
[SourceVersion "1"]
[SourceVersionDate "2016.10.25"]
[SourceQuality "1"]

1. e4 c5 2. Nf3 d6 3. c3 Nf6 4. Be2 Bd7 5. d3 Nc6 6. 0-0 g6 7. Nbd2 Bg7 8. Re1 0-0 9. Nf1 Rb8 10. Ng3 b5 11. d4 e5 12. dxc5 dxc5 13. Qd6 Qb6 14. Be3 Nd4 15. Qxb6 Nxf3+ 16. gxf3 axb6 17. Red1 Rfd8 18. Rd2 Kf8 19. Rad1 Ke8 20. Rd6 Ke7 21. Rxb6 c4 22. f4 exf4 23. Rxb8 Rxb8 24. Bxf4 Ra8 25. a3 Bc6 26. Bd6+ Ke6 27. e5 Nd5 28. Bg4+ f5 29. exf6+ Kxf6 30. Ne4+ Kf7 31. Ng5+ 1-0

[Event "AUS-ch"]
[Site "Sydney"]
[Date "1990.??.??"]
[Round "1"]
[White "Parsonage, Ian"]
[Black "Barber, Haydn J"]
[Result "1/2-1/2"]
[WhiteElo "2250"]
[BlackElo "2213"]
[PlyCount "101"]
[EventDate "1990.01.??"]
[EventType "swiss"]
[EventRounds "11"]
[EventCountry "AUS"]
[SourceTitle "EXT 2011"]
[Source "ChessBase"]
[SourceDate "2010.11.26"]
[SourceVersion "1"]
[SourceVersionDate "2010.11.26"]
[SourceQuality "1"]

1. e4 c5 2. Nf3 Nc6 3. b3 d6 4. Bb2 Nf6 5. Nc3 e6 6. d4 cxd4 7. Nxd4 Be7 8. Be2 0-0 9. 0-0 e5 10. Nf3 h6 11. Qd2 Be6 12. Rad1 a6 13. Rfe1 b5 14. Bf1 Qc7 15. Nd5 Bxd5 16. exd5 Nb8 17. Nxe5 dxe5 18. d6 Bxd6 19. Qxd6 Qxc2 20. Qxf8+ Kxf8 21. Ba3+ Kg8 22. Rd8+ Kh7 23. Bd3+ Qxd3 24. Rxd3 Nbd7 25. Rd6 a5 26. h3 a4 27. Bb2 Rc8 28. Rc1 Rxc1+ 29. Bxc1 axb3 30. axb3 Nc5 31. b4 Na4 32. Be3 Kg6 33. g4 Kh7 34. Kf1 Nc3 35. Rc6 Ncd5 36. Bd2 Nd7 37. Ke2 e4 38. Rd6 N7f6 39. h4 Nc7 40. Rxf6 gxf6 41. Ke3 h5 42. Kxe4 hxg4 43. Kf5 Nd5 44. Kxg4 Ne7 45. h5 Kg7 46. Kf3 f5 47. Ke2 Nc6 48. Kf3 Ne7 49. Kf4 f6 50. Kf3 Nc6 51. Kf4 1/2-1/2

[Event "AUS-ch"]
[Site "Sydney"]
[Date "1990.??.??"]
[Round "3"]
[White "Parsonage, Ian"]
[Black "Lewinsky, Stephen"]
[Result "0-1"]
[WhiteElo "2250"]
[BlackElo "2240"]
[PlyCount "162"]
[EventDate "1990.01.??"]
[EventType "swiss"]
[EventRounds "11"]
[EventCountry "AUS"]
[SourceTitle "EXT 2011"]
[Source "ChessBase"]
[SourceDate "2010.11.26"]
[SourceVersion "1"]
[SourceVersionDate "2010.11.26"]
[SourceQuality "1"]

1. e4 d5 2. exd5 Nf6 3. d4 Nxd5 4. c4 Nb6 5. Nc3 e5 6. d5 Bb4 7. Bd3 c6 8. dxc6 Nxc6 9. Nge2 Bg4 10. 0-0 Qd7 11. Qc2 Rd8 12. Be4 Bxc3 13. bxc3 Be6 14. c5 Nc4 15. Bg5 f6 16. Rad1 Qe7 17. Rxd8+ Qxd8 18. Bc1 g6 19. Rd1 Qe7 20. Ng3 f5 21. Bd5 0-0 22. Qd3 Bxd5 23. Qxd5+ Qf7 24. Bg5 Nb2 25. Rd2 Nc4 26. Rd1 Nb2 27. Rd2 Na4 28. Qf3 Nxc5 29. Be3 Ne6 30. Bh6 Rd8 31. Qd1 Qe7 32. Ne2 Rxd2 33. Qxd2 Qd8 34. Qxd8+ Ncxd8 35. Be3 Nc6 36. f3 Kf7 37. Kf1 Ke7 38. Ke1 Kd6 39. Kd2 Kd5 40. Kd3 Nc5+ 41. Kc2 a5 42. Ng1 Kc4 43. Nh3 Na4 44. Bd2 h6 45. Nf2 b5 46. Nd1 f4 47. Nf2 Nc5 48. Ng4 h5 49. Nf6 Ne7 50. g3 fxg3 51. hxg3 Nf5 52. g4 hxg4 53. fxg4 Ng3 54. Be1 Nge4 55. Ng8 Nd3 56. Bd2 Ndf2 57. Ne7 Nxd2 58. Kxd2 Nxg4 59. Nxg6 e4 60. Nf4 e3+ 61. Kc2 Nf6 62. Ng6 Ng4 63. Nf4 a4 64. Nd3 a3 65. Nf4 Nf2 66. Ng2 Ng4 67. Nf4 Nf6 68. Nd3 Nd7 69. Nf4 Nb6 70. Ng6 Na4 71. Ne5+ Kd5 72. Nf3 Ke4 73. Ng1 Nc5 74. Ne2 Kf3 75. Nd4+ Kf2 76. Kd1 Na4 77. Kc2 e2 78. Nxe2 Kxe2 79. Kb3 Kd3 80. Kxa3 Nxc3 81. Kb4 Kc2 0-1

[Event "AUS-ch"]
[Site "Gosford"]
[Date "1988.01.09"]
[Round "11.12"]
[White "Parsonage, Ian"]
[Black "Weeks, Manuel William"]
[Result "1-0"]
[WhiteElo "2206"]
[BlackElo "1954"]
[PlyCount "33"]
[EventDate "1987.??.??"]
[EventType "swiss"]
[EventRounds "13"]
[EventCountry "AUS"]
[SourceTitle "EXT 2003"]
[Source "ChessBase"]
[SourceDate "2002.11.25"]
[SourceVersion "1"]
[SourceVersionDate "2002.11.25"]
[SourceQuality "1"]

1. e4 c5 2. Nf3 d6 3. c3 Nf6 4. Be2 Nc6 5. d4 cxd4 6. cxd4 Nxe4 7. d5 Qa5+ 8. Nc3 Nxc3 9. bxc3 Ne5 10. Nxe5 dxe5 11. 0-0 g6 12. Be3 Bg7 13. d6 e6 14. Rb1 b6 15. Bb5+ Bd7 16. Bxd7+ Kxd7 17. Qf3 1-0

[Event "AUS-ch"]
[Site "Gosford"]
[Date "1988.01.06"]
[Round "9.11"]
[White "Parsonage, Ian"]
[Black "Hill, Shane Malcolm"]
[Result "1/2-1/2"]
[WhiteElo "2206"]
[BlackElo "2022"]
[PlyCount "38"]
[EventDate "1987.??.??"]
[EventType "swiss"]
[EventRounds "13"]
[EventCountry "AUS"]
[SourceTitle "EXT 2003"]
[Source "ChessBase"]
[SourceDate "2002.11.25"]
[SourceVersion "1"]
[SourceVersionDate "2002.11.25"]
[SourceQuality "1"]

1. e4 c6 2. Nc3 d5 3. Nf3 dxe4 4. Nxe4 Nf6 5. Ng3 Bg4 6. h3 Bxf3 7. Qxf3 g6 8. Bc4 Bg7 9. 0-0 0-0 10. c3 Nbd7 11. d4 e5 12. Be3 Re8 13. Rad1 e4 14. Qe2 Nd5 15. Bxd5 cxd5 16. Qd2 Nb6 17. b3 Rc8 18. Rc1 f5 19. f3 Qc7 1/2-1/2

[Event "AUS-ch"]
[Site "Gosford"]
[Date "1988.01.04"]
[Round "7.6"]
[White "Parsonage, Ian"]
[Black "Canfell, Gregory"]
[Result "0-1"]
[WhiteElo "2206"]
[BlackElo "2002"]
[PlyCount "64"]
[EventDate "1987.??.??"]
[EventType "swiss"]
[EventRounds "13"]
[EventCountry "AUS"]
[SourceTitle "EXT 2003"]
[Source "ChessBase"]
[SourceDate "2002.11.25"]
[SourceVersion "1"]
[SourceVersionDate "2002.11.25"]
[SourceQuality "1"]

1. e4 c5 2. Nf3 e6 3. c3 Nf6 4. e5 Nd5 5. d4 cxd4 6. cxd4 d6 7. Bc4 Nc6 8. 0-0 Be7 9. Qe2 b6 10. Nc3 Nxc3 11. bxc3 dxe5 12. dxe5 Bb7 13. Rd1 Qc7 14. Bd3 Rd8 15. Bf4 0-0 16. h4 Na5 17. Ng5 h6 18. Ne4 Qc6 19. f3 Bxh4 20. g3 Be7 21. Kg2 Ba8 22. Rh1 Nb7 23. Bxh6 Nc5 24. Bc2 gxh6 25. Qe3 Nxe4 26. Bxe4 Bg5 27. Qe2 Qxc3 28. Kh3 Rd2 29. Qf1 Bxe4 30. fxe4 Qxe5 31. Re1 Rfd8 32. Rh2 R8d3 0-1